Biogeographic Realms Quiz - Statistics

General Stats
  • This quiz has been taken 10 times
  • The average score is 12 of 30
Answer Stats
Hint Answer % Correct
Antarctic Peninsula G. Antarctic
75%
South Africa C. Afrotropical
63%
Australian Continent D. Australasian
63%
Yucatán Peninsula F. Neotropical
63%
Scandinavia A. Palearctic
50%
Iberia A. Palearctic
50%
Eurasian Steppe A. Palearctic
50%
Iceland A. Palearctic
50%
Azerbaijan A. Palearctic
50%
Côte d'Ivoire C. Afrotropical
50%
Alaska E. Nearctic
50%
Amazon Rainforest F. Neotropical
50%
Nauru H. Oceanian
50%
North Korea A. Palearctic
38%
Honshu Island A. Palearctic
38%
Hong Kong B. Indomalayan
38%
Sri Lanka B. Indomalayan
38%
Madagascar C. Afrotropical
38%
New York State E. Nearctic
38%
Greenland E. Nearctic
38%
Bahamas F. Neotropical
38%
Java Island B. Indomalayan
25%
Uttar Pradesh B. Indomalayan
25%
Phillipines B. Indomalayan
25%
East African Rift Valley C. Afrotropical
25%
Ushuaia F. Neotropical
25%
Micronesian Islands H. Oceanian
25%
New Zealand D. Australasian
13%
Kerguelen Islands G. Antarctic
13%
Moluccas Islands D. Australasian
0%
No matching quizzes found
Score Distribution
Percent of People with Each Score
Percentile by Number Answered
Your Score History
You have not taken this quiz